Fr. Conceicao Rodrigues College of Engineering

Mathematics For Technical Students Part III (Record no. 29695)

MARC details
000 -LEADER
fixed length control field 00325nam a2200133Ia 4500
082 ## - DEWEY DECIMAL CLASSIFICATION NUMBER
Classification number 510
Item number GEA
100 ## - MAIN ENTRY--PERSONAL NAME
Personal name Geary/A & Lowry/ H.V/ Hayden/H.A
245 ## - TITLE STATEMENT
Title Mathematics For Technical Students Part III
260 ## - PUBLICATION, DISTRIBUTION, ETC.
Name of publisher, distributor, etc. English language book society
Date of publication, distribution, etc. 2001
546 ## - LANGUAGE NOTE
Language note ENGLISH
654 ## - SUBJECT ADDED ENTRY--FACETED TOPICAL TERMS
Focus term Maths
942 ## - ADDED ENTRY ELEMENTS (KOHA)
Koha item type BOOK
Holdings
Withdrawn status Lost status Damaged status Not for loan Collection Home library Current library Date acquired Total Checkouts Full call number Barcode Date due Date last seen Date last checked out Price effective from Koha item type
        AFT Fr. Agnel's C.Rodrigues College of Engineering Fr. Agnel's C.Rodrigues- College of Engineering 17/03/2023 1 510 GEA AFT541 30/05/2009 05/06/2023 05/06/2023 17/03/2023 BOOK